000 003360000a22001210004500
020 _a958-08-0028-6
100 1 _aGarcia Pelayo, Ramón
245 1 0 _apracticolarousse ilustrado 2 / Ramon Garcia Pelayo & Gross
260 _a[ s.l. ] Circulo de Lectores
300 _a181-366
500 _aNumeración consecutiva por volumen
001 564
999 _c47773
_d47773